Bay, Desert, Lake, Mountain, River or Swamp - US Geography Click Quiz - Statistics

General Stats
  • This quiz has been taken 166 times
  • The average score is 18 of 25
Answer Stats
Hint Answer % Correct
Mojave Desert
90%
Tampa Bay
87%
Chihuahuan Desert
86%
Tahoe Lake
86%
Snake River
86%
Everglades Swamp
85%
San Francisco Bay
84%
Ontario Lake
84%
Denali Mountain
84%
Mauna Kea Mountain
84%
Rainier Mountain
84%
Whitney Mountain
83%
Chesapeake Bay
82%
Sonoran Desert
81%
Yukon River
78%
Champlain Lake
73%
Biscayne Bay
71%
Pontchartrain Lake
69%
Elbert Mountain
60%
Haleakalā Mountain
55%
Okeechobee Lake
54%
Wabash River
45%
Pecos River
45%
Great Dismal Swamp
41%
Okefenokee Swamp
39%
No matching quizzes found
Score Distribution
Percent of People with Each Score
Percentile by Number Answered
Your Score History
You have not taken this quiz